<?xml version="1.0" encoding="UTF-8"?>
<record
    xmlns:xsi="http://www.w3.org/2001/XMLSchema-instance"
    xsi:schemaLocation="http://www.loc.gov/MARC21/slim http://www.loc.gov/standards/marcxml/schema/MARC21slim.xsd"
    xmlns="http://www.loc.gov/MARC21/slim">

  <leader>00648nam a22002057a 4500</leader>
  <controlfield tag="003">BD-DhUL</controlfield>
  <controlfield tag="005">20191014135225.0</controlfield>
  <controlfield tag="008">170925s2017    ii ||||| |||| 00| 0 urd d</controlfield>
  <datafield tag="020" ind1=" " ind2=" ">
    <subfield code="a">9789383282418</subfield>
  </datafield>
  <datafield tag="040" ind1=" " ind2=" ">
    <subfield code="a">BD-DhUL</subfield>
    <subfield code="c">BD-DhUL</subfield>
  </datafield>
  <datafield tag="082" ind1=" " ind2=" ">
    <subfield code="2">23</subfield>
    <subfield code="a">891.4391</subfield>
    <subfield code="b">REA</subfield>
  </datafield>
  <datafield tag="100" ind1="1" ind2=" ">
    <subfield code="a">&#x631;&#x62D;&#x645;&#x627;&#x646;&#x6CC;&#x60C; &#x646;&#x62C;&#x645;&#x6C1;&#x6D4; </subfield>
  </datafield>
  <datafield tag="245" ind1="0" ind2=" ">
    <subfield code="a">&#x622;&#x632;&#x627;&#x62F;&#x6CC; &#x6A9;&#x6D2; &#x628;&#x639;&#x62F; &#x627;&#x631;&#x62F;&#x648; &#x634;&#x627;&#x639;&#x631;&#x627;&#x62A; /</subfield>
    <subfield code="c">&#x646;&#x62C;&#x645;&#x6C1; &#x631;&#x62D;&#x645;&#x627;&#x646;&#x6CC;&#x6D4;</subfield>
  </datafield>
  <datafield tag="246" ind1=" " ind2=" ">
    <subfield code="a">&#x100;z&#x101;d&#x12B; ke ba'ad Urd&#x16B; sh&#x101;'iraat</subfield>
  </datafield>
  <datafield tag="260" ind1=" " ind2=" ">
    <subfield code="a">&#x646;&#x626;&#x6CC; &#x62F;&#x6C1;&#x644;&#x6CC; :</subfield>
    <subfield code="b">&#x627;&#x6CC;&#x645;&#x6D4; &#x622;&#x631;&#x6D4; &#x67E;&#x628;&#x644;&#x6CC; &#x6A9;&#x6CC;&#x634;&#x646;&#x632;&#x60C;</subfield>
    <subfield code="c">&#x6F2;&#x6F0;&#x6F1;&#x6F7;&#x6D4;</subfield>
  </datafield>
  <datafield tag="300" ind1=" " ind2=" ">
    <subfield code="a">&#x635;&#x6D4; &#x6F1;&#x6F8;&#x6F4; &#x61B;</subfield>
    <subfield code="c">&#x6F2;&#x6F2; &#x633;&#x645;&#x6D4;</subfield>
  </datafield>
  <datafield tag="365" ind1=" " ind2=" ">
    <subfield code="a">IRs</subfield>
    <subfield code="b">325.00</subfield>
  </datafield>
  <datafield tag="650" ind1=" " ind2="4">
    <subfield code="a">Urdu poetry.</subfield>
  </datafield>
  <datafield tag="942" ind1=" " ind2=" ">
    <subfield code="2">ddc</subfield>
    <subfield code="c">BK</subfield>
  </datafield>
  <datafield tag="999" ind1=" " ind2=" ">
    <subfield code="c">250303</subfield>
    <subfield code="d">250303</subfield>
  </datafield>
  <datafield tag="952" ind1=" " ind2=" ">
    <subfield code="0">0</subfield>
    <subfield code="1">0</subfield>
    <subfield code="2">ddc</subfield>
    <subfield code="4">0</subfield>
    <subfield code="6">891_439100000000000_REA</subfield>
    <subfield code="7">0</subfield>
    <subfield code="8">NFIC</subfield>
    <subfield code="9">381026</subfield>
    <subfield code="a">DUL</subfield>
    <subfield code="b">DUL</subfield>
    <subfield code="c">GEN</subfield>
    <subfield code="d">2019-05-21</subfield>
    <subfield code="e">Purchased</subfield>
    <subfield code="o">891.4391 REA</subfield>
    <subfield code="p">508794</subfield>
    <subfield code="r">2019-10-14</subfield>
    <subfield code="t">1</subfield>
    <subfield code="w">2019-10-14</subfield>
    <subfield code="y">BK</subfield>
    <subfield code="x">Urdu</subfield>
  </datafield>
  <datafield tag="952" ind1=" " ind2=" ">
    <subfield code="0">0</subfield>
    <subfield code="1">0</subfield>
    <subfield code="2">ddc</subfield>
    <subfield code="4">0</subfield>
    <subfield code="6">891_439100000000000_REA</subfield>
    <subfield code="7">0</subfield>
    <subfield code="8">NFIC</subfield>
    <subfield code="9">381027</subfield>
    <subfield code="a">DUL</subfield>
    <subfield code="b">DUL</subfield>
    <subfield code="c">GEN</subfield>
    <subfield code="d">2019-05-21</subfield>
    <subfield code="e">Purchased</subfield>
    <subfield code="o">891.4391 REA</subfield>
    <subfield code="p">508795</subfield>
    <subfield code="r">2019-10-14</subfield>
    <subfield code="t">2</subfield>
    <subfield code="w">2019-10-14</subfield>
    <subfield code="y">BK</subfield>
    <subfield code="x">Urdu</subfield>
  </datafield>
</record>
